000
00423nam a2200157Ia 4500
008
100122s9999 xx 000 0 und d
082
_b
36577
_a
823
100
_a
माडखोलकर ग त्र्यं
245
_a
अनघा
250
_a
3
260
_b
मॅजेस्टिक बुक स्टॉल
_c
1905
300
_a
198
630
_a
अनघा
730
_a
अनघा
942
_c
BOOK
999
_c
419230
_d
419227